<?xml version="1.0" encoding="UTF-8"?>
<record
    xmlns:xsi="http://www.w3.org/2001/XMLSchema-instance"
    xsi:schemaLocation="http://www.loc.gov/MARC21/slim http://www.loc.gov/standards/marcxml/schema/MARC21slim.xsd"
    xmlns="http://www.loc.gov/MARC21/slim">

  <leader>00695nam a2200181   4500</leader>
  <controlfield tag="003">LK-CoMWRAF</controlfield>
  <controlfield tag="005">20240216235940.0</controlfield>
  <controlfield tag="008">231210b        |||||||| |||| 00| 0 eng d</controlfield>
  <datafield tag="020" ind1=" " ind2=" ">
    <subfield code="a">9789556250329</subfield>
  </datafield>
  <datafield tag="040" ind1=" " ind2=" ">
    <subfield code="a">LK-CoMWRAF</subfield>
    <subfield code="d">LK-CoMWRAF</subfield>
    <subfield code="e">LK-CoMWRAF</subfield>
  </datafield>
  <datafield tag="041" ind1=" " ind2=" ">
    <subfield code="a">tam</subfield>
  </datafield>
  <datafield tag="082" ind1=" " ind2=" ">
    <subfield code="a">297.5</subfield>
    <subfield code="b">ILA</subfield>
  </datafield>
  <datafield tag="100" ind1=" " ind2=" ">
    <subfield code="a">&#xBAE;&#xBB0;&#xBCD;&#xB95;&#xBC1;&#xBAA;&#xBCD;, &#xB9A;&#xBB2;&#xBBF;&#xBAE;&#xBCD;  </subfield>
  </datafield>
  <datafield tag="245" ind1=" " ind2=" ">
    <subfield code="a">&#xB87;&#xBB2;&#xB99;&#xBCD;&#xB95;&#xBC8;&#xBAF;&#xBBF;&#xBA9;&#xBCD;  &#xB95;&#xBBE;&#xBA4;&#xBBF;  &#xBA8;&#xBC0;&#xBA4;&#xBBF;&#xBAE;&#xBA9;&#xBCD;&#xBB1;  &#xBAE;&#xBC1;&#xBA4;&#xBB1;&#xBAE;&#xBC8;&#xBC8;&#xBAF;&#xBC1;&#xBAE;&#xBCD;  &#xBAE;&#xBC1;&#xBB8;&#xBCD;&#xBB8;&#xBBF;&#xBAE;&#xBCD;  &#xBAA;&#xBC6;&#xBA3;&#xB95;&#xBB3;&#xBCD;  &#xBAE;&#xBCD;&#xBA4;&#xBBE;&#xBA9;  &#xB85;&#xBA4;&#xBA9;&#xBCD;  &#xBA4;&#xBBE;&#xB95;&#xBCD;&#xB95;&#xBAE;&#xBC1;&#xBAE;&#xBCD;</subfield>
  </datafield>
  <datafield tag="260" ind1=" " ind2=" ">
    <subfield code="a">Colombo :</subfield>
    <subfield code="b">Muslim Women's Research and Action Forum - MWRAF,</subfield>
    <subfield code="c">2001</subfield>
  </datafield>
  <datafield tag="300" ind1=" " ind2=" ">
    <subfield code="a">77 p.</subfield>
  </datafield>
  <datafield tag="942" ind1=" " ind2=" ">
    <subfield code="c">BK</subfield>
  </datafield>
  <datafield tag="952" ind1=" " ind2=" ">
    <subfield code="0">0</subfield>
    <subfield code="1">0</subfield>
    <subfield code="4">0</subfield>
    <subfield code="7">0</subfield>
    <subfield code="8">RAFP</subfield>
    <subfield code="a">MAIN</subfield>
    <subfield code="b">MAIN</subfield>
    <subfield code="d">2023-12-10</subfield>
    <subfield code="l">0</subfield>
    <subfield code="o">297.5 ILA</subfield>
    <subfield code="p">RAF3347</subfield>
    <subfield code="r">2023-12-10</subfield>
    <subfield code="w">2023-12-10</subfield>
    <subfield code="y">BK</subfield>
  </datafield>
  <datafield tag="952" ind1=" " ind2=" ">
    <subfield code="0">0</subfield>
    <subfield code="1">0</subfield>
    <subfield code="4">0</subfield>
    <subfield code="7">0</subfield>
    <subfield code="8">RAFP</subfield>
    <subfield code="a">MAIN</subfield>
    <subfield code="b">MAIN</subfield>
    <subfield code="d">2023-12-10</subfield>
    <subfield code="l">0</subfield>
    <subfield code="o">297.5 ILA</subfield>
    <subfield code="p">RAF3348</subfield>
    <subfield code="r">2023-12-10</subfield>
    <subfield code="w">2023-12-10</subfield>
    <subfield code="y">BK</subfield>
  </datafield>
  <datafield tag="952" ind1=" " ind2=" ">
    <subfield code="0">0</subfield>
    <subfield code="1">0</subfield>
    <subfield code="4">0</subfield>
    <subfield code="7">0</subfield>
    <subfield code="8">RAFP</subfield>
    <subfield code="a">MAIN</subfield>
    <subfield code="b">MAIN</subfield>
    <subfield code="d">2023-12-10</subfield>
    <subfield code="l">0</subfield>
    <subfield code="o">297.5 ILA</subfield>
    <subfield code="p">RAF3349</subfield>
    <subfield code="r">2023-12-10</subfield>
    <subfield code="w">2023-12-10</subfield>
    <subfield code="y">BK</subfield>
  </datafield>
  <datafield tag="999" ind1=" " ind2=" ">
    <subfield code="c">4333</subfield>
    <subfield code="d">4333</subfield>
  </datafield>
</record>
